000 00793nam a2200301Ia 4500
008 160803s9999 xx 000 0 und d
020 _a978-0140389722
100 _aKline, Suzy
245 _aHorrible Harry moves up to third grade /
245 _cby Suzy Kline ; pictures by Frank Remkiewicz.
260 _aNew York :
260 _bScholastic Inc.
260 _c1998
300 _a58 pages :
300 _billustrations ;
300 _c20 cm.
500 _aPuffin chapters.
650 _aSchool field trips --
650 _aSchool field trips --
650 _aSchool field trips.
650 _aSchools --
650 _aSchools --
650 _xFiction.
650 _xFiction.
650 _xJuvenile fiction.
650 _xJuvenile fiction.
700 _a460
999 _c298105
_d298105